| 000 | 01015cam a22002653a 4500 | ||
|---|---|---|---|
| 001 | 21525 | ||
| 003 | PGUSA | ||
| 005 | 20140828083446.0 | ||
| 008 | 070522s2007||||xxu|||||s|||||000 1 eng d | ||
| 040 |
_aPGUSA _beng |
||
| 042 | _adc | ||
| 050 | 4 | _aPR | |
| 100 | 1 |
_aChesterton, G. K. _q(Gilbert Keith), _d1874-1936 |
|
| 245 | 1 | 4 |
_aThe Man Who Knew Too Much _h[electronic resource] / _cG. K. Chesterton |
| 260 |
_bProject Gutenberg, _c2007 |
||
| 505 | 0 | _aThe face in the target -- The vanishing prince -- The soul of the schoolboy -- The bottomless well -- The hole in the wall -- The fad of the fisherman -- The hole in the wall -- The temple of silence -- The vengeance of the statue. | |
| 506 | _aPublic domain in the USA. | ||
| 516 | _aElectronic text | ||
| 653 | _aGreat Britain -- Fiction | ||
| 653 | _aAristocracy (Social class) -- Fiction | ||
| 653 | _aDetective and mystery stories, English | ||
| 830 | 0 |
_aProject Gutenberg _v21525 |
|
| 856 | 4 | 0 | _uhttp://www.gutenberg.org/ebooks/21525 |
| 942 | _cEB | ||
| 999 |
_c250780 _d250780 |
||